|
|
|
|
| LEADER |
00000nas a22000007a 4500 |
| 001 |
ssj0000402457 |
| 003 |
WaSeSS |
| 005 |
20200512172242.0 |
| 006 |
m d |
| 007 |
cr n |
| 008 |
850218c19819999ne uu m s 0 a0eng c |
| 010 |
|
|
|a sn 85011340
|
| 016 |
7 |
|
|a 010505400
|2 Uk
|
| 016 |
7 |
|
|a M0327535
|2 bccb
|
| 022 |
|
|
|l 0169-0175
|y 0169-0175
|
| 035 |
|
|
|a (WaSeSS)ssj0000402457
|
| 040 |
|
|
|a NDD
|b eng
|c NDD
|d NST
|d NSD
|d OCLCQ
|d NLGGC
|d OCLCQ
|d CUS
|d UKMGB
|d OCLCF
|d OCLCO
|d OCLCQ
|d U3G
|d WaSeSS
|
| 042 |
|
|
|a pcc
|a nsdp
|
| 050 |
1 |
4 |
|a PG500
|
| 210 |
0 |
|
|a Stud. Slav. lit. poet.
|
| 222 |
|
0 |
|a Studies in Slavic literature and poetics
|
| 245 |
0 |
0 |
|a Studies in Slavic literature and poetics
|h [electronic resource].
|
| 260 |
|
|
|a Amsterdam :
|b Rodopi ;
|a Atlantic Highlands, N.J. :
|b Humanities Press,
|c 1981-
|
| 362 |
0 |
|
|a Vol. 1-
|
| 506 |
|
|
|a License restrictions may limit access.
|
| 650 |
|
0 |
|a Slavic literature
|v Periodicals.
|
| 650 |
|
0 |
|a Slavic philology
|v Periodicals.
|
| 650 |
|
7 |
|a Slavic literature.
|2 fast
|0 (OCoLC)fst01120729
|
| 650 |
|
7 |
|a Slavic philology.
|2 fast
|0 (OCoLC)fst01120745
|
| 655 |
|
0 |
|a Electronic journals.
|
| 850 |
|
|
|a AU
|a AzU
|a GEU
|a GU
|a NcD
|a TxArU
|
| 856 |
4 |
0 |
|z Full text available from Research Library: 01/01/2009 to 01/31/2013
|u https://search.proquest.com/publication/76038
|